Úvod do diskrétnej matematiky

Guardado en:
Detalles Bibliográficos
Formato: Libro
Lenguaje:eslovaco
Publicado: Bratislava Alfa 1984
Colección:Edícia výpočtovej techniky
Etiquetas: Agregar Etiqueta
Sin Etiquetas, Sea el primero en etiquetar este registro!

MARC

LEADER 00000nam a2200000 4500
001 c112521
005 20260327075939.0
041 0 |a slo 
044 |a SK 
245 1 0 |a Úvod do diskrétnej matematiky  |c S.V. Jablonskij 
264 1 |a Bratislava  |b Alfa  |c 1984 
300 |a 278 s. 
490 1 |a Edícia výpočtovej techniky 
830 0 |a Edícia výpočtovej techniky